ეკონომიკსი : პრინციპები, პრობლემები და პოლიტიკა : (ბიბ.ჩანაწერი № 36934)
[ მარტივი ფორმატი ]
| 000 -ლიდერი | |
|---|---|
| ფიქსირებული სიგრძის საკონტროლო ველი | 01473nam a2200277Ia 4500 |
| 001 - საკონტროლო ნომერი | |
| საკონტროლო ველი | 2885 |
| 003 - საკონტროლო ნომრის იდენტიფიკატორი | |
| საკონტროლო ველი | GE_BSU |
| 005 - ბოლო ოპერაციის თარიღი და დრო | |
| საკონტროლო ველი | 20190423161852.0 |
| 008 - ფიქსირებული სიგრძის მონაცემთა ელემენტები - ზოგადი ინფორმაცია | |
| ფიქსირებული სიგრძის საკონტროლო ველი | 181216s1997|||| |||||||||||||| ||geo|| |
| 040 ## - კატალოგიზაციის წყარო | |
| Transcribing agency | GE_BSU |
| 041 ## - ენის კოდი | |
| Language code of text/sound track or separate title | geo |
| 080 ## - უნივერსალური ათობითი კლასიფიკაციის ინდექსი | |
| Universal Decimal Classification number | 330.1(075.8)+330.342.14+330.52 მ–19 |
| 100 ## - მთავარი ჩანაწერი - პიროვნების სახელი | |
| Personal name | მაკკონელი, კ. რ |
| 9 (RLIN) | 419 |
| 245 ## - ცნობა სათაურის შესახებ | |
| Title | ეკონომიკსი : პრინციპები, პრობლემები და პოლიტიკა : |
| Remainder of title | ოთხ ნაწილად . ნაწ . l l l / |
| Statement of responsibility, etc | კ.რ მაკკონელი , ს.ლ. ბრიუ , მთარგმნ : კ. ღურწკაია , და სხვ . პ/მგ . რედ : კ. ღურწკაია , რ. გოგოხია |
| 264 ## - წარმოების, გამოცემის, დისტრიბუციის და სხვა ცნობები | |
| გამოცემის, წარმოების, დისტრიბუციის... ადგილი | თბილისი , |
| გამოცემის, წარმოების, დისტრიბუციის... თარიღი | 1997. |
| 300 ## - ფიზიკური აღწერა | |
| Extent | 518 გვ : |
| Dimensions | 20 სმ. |
| 653 ## - INDEX TERM--UNCONTROLLED | |
| Uncontrolled term | ეკონომიკსი |
| 653 ## - INDEX TERM--UNCONTROLLED | |
| Uncontrolled term | პრინციპები,პრობლემები და პოლიტიკა |
| 653 ## - INDEX TERM--UNCONTROLLED | |
| Uncontrolled term | ეკონომიკა |
| 700 ## - ADDED ENTRY--PERSONAL NAME | |
| Personal name | ბრიუ, ს. ლ |
| 9 (RLIN) | 420 |
| 700 ## - ADDED ENTRY--PERSONAL NAME | |
| Personal name | ღურწკაია, კ |
| Relator term | მთარგმნელი |
| 9 (RLIN) | 421 |
| 700 ## - ADDED ENTRY--PERSONAL NAME | |
| Personal name | ღურწკაია, კ |
| Relator term | პასუხისმგებელი რედაქტორი |
| 9 (RLIN) | 422 |
| 710 ## - ADDED ENTRY--CORPORATE NAME | |
| Corporate name or jurisdiction name as entry element | გოგოხია, რ |
| Relator term | პასუხისმგებელი რედაქტორი |
| 9 (RLIN) | 423 |
| 942 ## - ADDED ENTRY ELEMENTS (KOHA) | |
| Koha item type | წიგნი |
| Source of classification or shelving scheme | |
| ჩამოწერის სტატუსი | დაკარგული ეგზემპლარის სტატუსი | კლასიფიკაციის წყარო ან თაროზე გაწყობის სქემა | დაზიანების სტატუსი | არ გაიცემა | მუდმივი მდებარეობა (დაცვის ადგილი) | ამჟამინდელი ადგილსამყოფელი | თაროზე განთავსების ადგილი | შეძენის თარიღი | ღირებულება, შესყიდვის ნორმალური ფასი | სრული შენახვის შიფრი | შტრიხკოდი | ბოლო ოპერაციის თარიღი | ეგზემპლარის მიმდევრობითი ნომერი (კეტერი?) | ფასის ძალაში შესვლის თარიღი | ეგზემპლარის სახეობა | საჯარო შენიშვნა | Uniform Resource Identifier |
|---|---|---|---|---|---|---|---|---|---|---|---|---|---|---|---|---|---|
| ბათუმის შოთა რუსთაველის სახელმწიფო უნივერსიტეტის მთავარი ბიბლიოთეკა | ბათუმის შოთა რუსთაველის სახელმწიფო უნივერსიტეტის მთავარი ბიბლიოთეკა | წიგნსაცავი | 2018-12-17 | 12.00 | 330.1(075.8)+330.342.14+330.52 მ–19 | 7659 | 2018-12-17 | 7659 | 2018-12-17 | წიგნი | 12 ლ. | ||||||
| ბათუმის შოთა რუსთაველის სახელმწიფო უნივერსიტეტის მთავარი ბიბლიოთეკა | ბათუმის შოთა რუსთაველის სახელმწიფო უნივერსიტეტის მთავარი ბიბლიოთეკა | წიგნსაცავი | 2018-12-17 | 12.00 | 330.1(075.8)+330.342.14+330.52 მ–19 | 7660 | 2018-12-17 | 7660 | 2018-12-17 | წიგნი | 12 ლ. | ||||||
| ბათუმის შოთა რუსთაველის სახელმწიფო უნივერსიტეტის მთავარი ბიბლიოთეკა | ბათუმის შოთა რუსთაველის სახელმწიფო უნივერსიტეტის მთავარი ბიბლიოთეკა | წიგნსაცავი | 2018-12-17 | 12.00 | 330.1(075.8)+330.342.14+330.52 მ–19 | 7661 | 2018-12-17 | 7661 | 2018-12-17 | წიგნი | 12 ლ. | ||||||
| ბათუმის შოთა რუსთაველის სახელმწიფო უნივერსიტეტის მთავარი ბიბლიოთეკა | ბათუმის შოთა რუსთაველის სახელმწიფო უნივერსიტეტის მთავარი ბიბლიოთეკა | წიგნსაცავი | 2024-07-30 | 10.00 | 330.1(075.8)+330.342.14+330.52 მ–19 | 66065 | 2024-07-30 | 66065 | 2024-07-30 | წიგნი | 10.00 | ნაჩუქარი | |||||
| ბათუმის შოთა რუსთაველის სახელმწიფო უნივერსიტეტის მთავარი ბიბლიოთეკა | ბათუმის შოთა რუსთაველის სახელმწიფო უნივერსიტეტის მთავარი ბიბლიოთეკა | წიგნსაცავი | 2025-10-09 | 15.00 | 330.1(075.8)+330.342.14+330.52 მ–19 | 72624 | 2025-10-09 | 72624 | 2025-10-09 | წიგნი | 15.00 | ||||||
| ბათუმის შოთა რუსთაველის სახელმწიფო უნივერსიტეტის მთავარი ბიბლიოთეკა | ბათუმის შოთა რუსთაველის სახელმწიფო უნივერსიტეტის მთავარი ბიბლიოთეკა | წიგნსაცავი | 2025-10-09 | 15.00 | 330.1(075.8)+330.342.14+330.52 მ–19 | 72625 | 2025-10-09 | 72625 | 2025-10-09 | წიგნი | 15.00 |
